000 00528nam a2200181Ia 4500
001 24431
005 20260414151043.0
008 260414t2021||||xx |||||||||||||| ||spa||
041 _aESP
082 _a345.7
_bL89
100 _aLorca Navarrete, Antonio María
_eAUT
245 0 _aEl poder probatorio del juez desde la Corte Suprema de Justicia :
_banálisis critico del décimo pleno casatorio civil
260 _c2021
300 _a718 páginas :
_c25 cm.
650 _aDER
654 _aCDE
942 _cLIB
_dJUS
_fJUS
_2ddc
_n
999 _c24431
_d24431